00700cam a2200229 a 4500001000800000005001700008008004100025010001700066020001500083040001800098041000800116080001400124082001800138100000700156101000800163245004800171504006400219906004500283942001200328999001700340952011300357258216320180202045353.0961121s1997 nyua b 001 0 eng  a 96051611  a046507281X aDLCcDLCdDLC aeng a576.8 WIL00a576.8 WIL2211 a9  aMJE14aThe pony fish's glow :cGeorge C. Williams. aIncludes bibliographical references (p. 168-179) and index. a7bcbccorignewd1eocipf19gy-gencatlg 2ddccBK c41620d41620 00102udc40708PËKGa002b002cPËKGd2018-02-02l0o576.8 WILp002-2997448r2018-02-02w2018-02-02yBK